000 00516nam a2200145 a 4500
008 120416s0000 ||||||||||||||||| || u
020 _a0521568765
050 _aTJ 211.415 Dud
100 _aDudek, G
245 1 0 _aComputation principles of mobile robotics
246 _aG. Dudeck
260 _aCambridge
_bCambridge University Press
_c2000
350 _a0.00
995 _D0.00
_FCBU-MAIN LIBRARY (Kitwe)
_H1
_I28.95
_M1
_UOUT
_ZMain Library Open Access Collection
999 _c38195
_d38195